Normal view
MARC view
Entry Personal Name
001 - CONTROL NUMBER
- control field: 1236868
003 - CONTROL NUMBER IDENTIFIER
- control field: OSt
005 - DATE AND TIME OF LATEST TRANSACTION
- control field: 20260430150228.0
008 - FIXED-LENGTH DATA ELEMENTS
- fixed length control field: 260430|| aca||aabn | a|a d
040 ## - CATALOGING SOURCE
- Original cataloging agency: OSt
- Transcribing agency: OSt
100 ## - HEADING--PERSONAL NAME
- Personal name: University of Delhi. Faculty of Medical Sciences. Department of Pediatrics, Division of Genetics
670 ## - SOURCE DATA FOUND
- Source citation: Work cat.: (OSt)1849270: Jindal Ankur Au.; Kapoor Seema Gu. 1236867, Prenatal screening initiative by dried blood spot: role for triaging and resource utilization, 2021
